Subprefeituras da cidade de São Paulo - Statistics

Estatísticas Gerais
  • Esse quiz foi jogado 156 vezes
  • A pontuação média é 20 de 32
Estatísticas das Respostas
Subprefeitura % Correto
86%
Itaquera
83%
Santana/Tucuruvi
83%
Vila Maria/Vila Guilherme
83%
Pinheiros
82%
Lapa
77%
Mooca
77%
Santo Amaro
77%
Pirituba/Jaraguá
76%
Jabaquara
73%
Butantã
70%
Vila Mariana
69%
Parelheiros
67%
Vila Prudente
66%
Freguesia do Ó/Brasilândia
65%
Penha
65%
Ipiranga
63%
Aricanduva/Vila Formosa
60%
Perus
58%
Jaçanã/Tremembé
57%
São Mateus
57%
Casa Verde/Cachoeirinha
55%
Campo Limpo
54%
São Miguel Paulista
53%
Itaim Paulista
52%
Guaianazes
51%
Cidade Tiradentes
50%
Capela do Socorro
47%
Sapopemba
47%
Cidade Ademar
46%
Ermelino Matarazzo
39%
M'Boi Mirim
37%
Nenhum quiz correspondente encontrado
Distribuição das Pontuações
Porcentagem de Pessoas com Cada Pontuação
Percentil de Números Respondidos
Sua Pontuação Histórica
Você não jogou esse quiz